| 000 | 01673cam a22004094i 4500 | ||
|---|---|---|---|
| 001 | 20978987 | ||
| 003 | OSt | ||
| 005 | 20211217170748.0 | ||
| 008 | 190518s2016 gh b 001 0 eng d | ||
| 010 | _a 2019352296 | ||
| 020 | _a9789988236045 | ||
| 020 | _a9988236042 | ||
| 035 | _a(OCoLC)ocn988037264 | ||
| 040 |
_aSTF _beng _cSTF _erda _dNYP _dOCLCF _dOCLCA _dYDX _dOCLCA _dL2U _dOCLCQ _dDLC |
||
| 042 |
_alccopycat _alcode |
||
| 043 | _af-gh--- | ||
| 050 | 0 | 0 | _aPN5499.G4.D53 |
| 100 | 1 | _aDiedong, Africanus Lewil, | |
| 245 | 1 | 0 |
_aResponsible journalism and quest for professional standards in Ghana. / _cAfricanus Lewil Diedong. |
| 264 | 1 |
_aAccra: _bWoeli Publishing Services, _c2016. |
|
| 300 |
_ax, 129 p. : _c22 cm _bill. ; |
||
| 336 |
_atext _btxt _2rdacontent |
||
| 337 |
_aunmediated _bn _2rdamedia |
||
| 338 |
_avolume _bnc _2rdacarrier |
||
| 504 | _aIncludes bibliographical references (pages 107-124) and index. | ||
| 505 | _aContents: The State of the media in Ghana -- Understanding ethics, communication ethics and media ethics -- Responsible journalism -- Relevance of press accountability mechanisms -- Journalism education in Ghana -- Selected journalists in media practice -- | ||
| 650 | 0 |
_aJournalism _zGhana. |
|
| 650 | 0 |
_aJournalistic ethics _zGhana. |
|
| 650 | 0 |
_aJournalists _xProfessional ethics _zGhana. |
|
| 650 | 0 |
_aJournalism and public relations _zGhana. |
|
| 650 | 0 |
_aCommunication _zGhana. |
|
| 650 | 0 |
_aMass media and public opinion _zGhana. |
|
| 650 | 0 |
_aMass media and culture _zGhana. |
|
| 906 |
_a7 _bcbc _ccopycat _d3 _encip _f20 _gy-gencatlg |
||
| 942 |
_2lcc _cBK |
||
| 999 |
_c8316 _d15816 |
||